000 00604nam a2200229Ia 4500
005 20250425162513.0
008 250425s9999 xx 000 0 und d
020 _a9780321566157
041 _aeng
082 _a005.117
100 _aKOCHAN, STEPHEN G.
245 0 _aPROGRAMMING IN OBJECTIVE- C 2.0
250 _a2ND ED.
260 _aEstados Unidos
_bPEARSON EDUCATION
_c2009
260 _aUPPER SADDLE RIVER
300 _a600
650 _aLENGUAJE DE PROGRAMACION
650 _aPROGRAMACION ORIENTADA A OBJETOS
650 _aPROGRAMAS COMPUTACIONALES
942 _c01
010 _a79088
999 _c230568
_d230568